Statistics for Monster Hunter World / Iceborne - Monsters

Click here to take the quiz!

General Stats

  • This quiz has been taken 65 times
  • The average score is 58 of 94

Answer Stats

HintAnswer% Correct
Flying WyvernRathalos
94%
Flying WyvernRathian
91%
Brute WyvernAnjanath
88%
Elder DragonLunastra
88%
Elder DragonTeostra
88%
Elder DragonAlatreon
84%
Brute WyvernBarroth
81%
Flying WyvernBlack Diablos
81%
Flying WyvernGold Rathian
81%
Fanged WyvernGreat Jagras
81%
Bird WyvernKulu Ya Ku
81%
Elder DragonNergigante
81%
Flying WyvernPink Rathian
81%
Bird WyvernPukei-Pukei
81%
Flying WyvernSilver Rathalos
81%
Flying WyvernAzure Rathalos
78%
Flying WyvernDiablos
78%
Elder DragonFatalis
78%
Fanged WyvernJagras
78%
Elder DragonKushala Daora
78%
Piscine WyvernLavasioth
78%
Flying WyvernLegiana
78%
Fanged WyvernOdogaron
78%
Elder DragonXeno' Jiiva
78%
Flying WyvernBarioth
75%
Elder DragonVaal Hazak
75%
Elder DragonVelkhana
75%
Fanged WyvernZinogre
75%
Brute WyvernBrachydios
72%
Bird WyvernCoral Pukei-Pukei
72%
Piscine WyvernJyuratodus
72%
Fanged BeastRajang
72%
Elder DragonSafi' Jiiva
72%
Fanged WyvernTobi-Kadachi
72%
Bird WyvernTzitzi Ya Ku
72%
Fanged WyvernEbony Odogaron
69%
RelictLeshen
69%
Brute WyvernRaging Brachydios
69%
Flying WyvernTigrex
69%
Fanged WyvernViper Tobi-Kadachi
69%
Flying WyvernBazelgeuse
66%
Elder DragonBehemoth
66%
Piscine WyvernBeotodus
66%
Brute WyvernDeviljho
66%
Brute WyvernFulgur Anjanath
66%
Fanged BeastFurious Rajang
66%
Fanged WyvernGreat Girros
66%
Brute WyvernRadobaan
66%
Fanged WyvernStygian Zinogre
66%
Brute WyvernUragaan
66%
Bird WyvernYian Garuga
66%
RelictAncient Leshen
63%
Fanged WyvernDodogama
63%
Elder DragonKirin
63%
Elder DragonKulve Taroth
63%
Elder DragonRuiner Nergigante
63%
Flying WyvernShrieking Legiana
63%
Elder DragonZorah Magdaros
63%
Brute WyvernBanbaro
59%
Flying WyvernBrute Tigrex
59%
Brute WyvernGlavenus
59%
Elder DragonNamielle
59%
Flying WyvernNightshade Paolumu
59%
Flying WyvernPaolumu
59%
Elder DragonBlackveil Vaal Hazak
56%
Flying WyvernFrostfang Barioth
56%
Flying WyvernNargacuga
56%
Brute WyvernSavage Deviljho
56%
Brute WyvernAcidic Glavenus
53%
Fanged WyvernGirros
53%
Elder DragonShara Ishvalda
50%
HerbivoreAptonoth
47%
Bird WyvernScarred Yian Garuga
47%
Flying WyvernSeething Bazelgeuse
47%
Fanged WyvernShamos
44%
NeopteronVespoid
41%
HerbivoreKestodon
38%
HerbivoreApceros
34%
WingdrakeBarnos
34%
LynianBoaboa
34%
LynianGajalaka
34%
Piscine WyvernGajau
34%
HerbivoreGastodon
34%
HerbivorePopo
34%
NeopteronHornetaur
31%
WingdrakeMernos
31%
Fanged WyvernWulg
31%
HerbivoreKelbi
28%
HerbivoreMosswine
25%
WingdrakeNoios
25%
HerbivoreAnteka
22%
WingdrakeRaphinos
22%
WingdrakeCortos
19%
LynianGrimalkyne
13%

Score Distribution

Percentile by Number Answered

Percent of People with Each Score

Your Score History

You have not taken this quiz